[Event "Stay Safe Play From Home 317"]
[Site "Emanuel Lasker Arena"]
[Date "2020.07.20"]
[Round "8"]
[White "Mepe_Nika"]
[Black "Greblha"]
[Result "1-0"]
[WhiteElo "2378"]
[BlackElo "1925"]
[Annotator "TA"]
[PlyCount "49"]
[EventDate "2020.07.20"]
[EventType "swiss (blitz)"]

{[%evp 9,48,2,45,-14,13,-20,-25,-26,-10,-14,0,-20,0,-10,0,-23,37,0,-7,0,6,0,86,95,218,196,187,162,624,557,2337,465,29996,-45,546,543,529,504,29997,29998,29999]} 1. g3 c6 2. Bg2 d5 3. Nc3 Nf6 4. d3 g6 5. e4 Bg7 6. Nge2 {A00: Irregular Openings.} ({Better is} 6. e5 $14 Ng4 7. d4) 6... dxe4 7. Nxe4 Nxe4 8. Bxe4 {Black has an edge.} O-O 9. Bg2 {[#]} Bf5 $146 ({Predecessor:} 9... Bg4 10. h3 Bf5 11. O-O Qd7 12. g4 Be6 13. Nf4 Na6 14. Nxe6 Qxe6 15. c3 Qd6 16. d4 Rfd8 17. Qc2 e5 18. dxe5 Qxe5 19. Be3 Nc7 20. Rad1 Ne6 21. Qe4 {½-½ (21) Juhasz,M (2056)-Botragyi,T (2151) Hungary 2009}) 10. h4 Nd7 11. h5 Nf6 12. hxg6 (12. h6 $5 {[%cal Rh6g7]} Bh8 13. O-O $11) 12... Bxg6 (12... fxg6 $11 13. Nc3 Qb6) 13. Bh6 Bxh6 14. Rxh6 Ng4 15. Rh4 Qd7 (15... f5 $1 $11) 16. Qd2 $16 h5 (16... e5 $16) 17. Nf4 $18 Qd4 18. O-O-O {[#] And now f3 would win.} a5 $2 (18... Qxf2 19. Qxf2 (19. Nxh5 Qxd2+ 20. Kxd2 Bxh5 $16) 19... Nxf2) 19. Nxh5 Nxf2 20. Qh6 (20. Rxd4 $142 {Threatening mate with Qh6!} Bxh5 {[#]} 21. Rh4 $1 {[%mdl 512]}) 20... Nxd1 (20... Qh8 $18 21. Qxh8+ Kxh8) 21. Kxd1 $2 (21. Rxd4 {mates} Bxh5 22. Qxh5 f5 23. Qg6+ Kh8 24. Rh4#) 21... Bxh5+ $2 {[%mdl 8192]} ({Wrong is} 21... Qxb2 $2 22. d4 $18) (21... Qh8 $15 {stays ahead.} 22. Qg5 Rfd8) 22. Qxh5 {[%csl Gh4][%cal Rh5h7]} Qg1+ 23. Kd2 {[%csl Gh4][%cal Rh5h8]} Qxg2+ (23... Qf2+ $18 24. Kc3 Qf6+ 25. d4 Rfd8) 24. Kc3 {[%csl Gh4][%cal Rh5h8]} f5 25. Qh7# {Accuracy: White = 69%, Black = 23%.} 1-0

[Event "Stay Safe Play From Home 317"]
[Site "Emanuel Lasker Arena"]
[Date "2020.07.20"]
[Round "8"]
[White "Mr bh6"]
[Black "N_KRISHNA TEJA"]
[Result "1-0"]
[WhiteElo "2355"]
[BlackElo "2280"]
[Annotator "TA"]
[PlyCount "107"]
[EventDate "2020.07.20"]
[EventType "swiss (blitz)"]

{[%evp 14,106,26,-5,47,44,46,45,58,51,117,43,120,121,128,119,175,168,168,168,308,158,168,121,152,155,204,165,196,191,256,-381,-374,-378,-360,-523,-527,-502,0,0,0,-45,0,-49,-44,-29,-58,-43,-62,-58,0,0,0,-64,-74,-73,-70,-68,-57,-77,0,0,29979,29980,29993,29993,29994,29993,29994,29995,29995,29986,29986,29987,29993,29992,29992,29992,29998,29993,29994,29993,29994,29994,29994,29995,29995,29996,29996,29997,29997,29998,29998,29999,29999]} 1. d4 e6 2. Nf3 d5 3. g3 Bd6 4. Bg2 Nf6 5. O-O O-O 6. c4 c6 7. Nc3 Nbd7 8. Bg5 b6 {E01: Catalan: Early deviations.} (8... dxc4 $11 9. Nd2 Nb6) 9. e4 dxe4 {[#]} 10. Nxe4 $1 {[%mdl 512] [#]} Be7 $146 {White is slightly better.} (10... Nxe4 11. Bxd8) ({Predecessor:} 10... Qc7 11. Nxd6 Qxd6 12. Bf4 Qe7 13. Ne5 Bb7 14. Nxc6 Bxc6 15. Bxc6 Rac8 16. Qa4 a5 {1-0 (33) Glaser,A (2065)-Nagel,V Halle 1996}) 11. Ne5 Bb7 (11... Nxe5 $14 12. dxe5 Nxe4 13. Qxd8 Bxd8 14. Bxd8 Rxd8) 12. Bxf6 (12. Nxf6+ $16 Bxf6 13. Bxf6 (13. Bxc6 Bxc6 14. Bxf6 Nxf6 $16) 13... Nxf6 14. Nxc6 Bxc6 15. Bxc6) 12... Bxf6 (12... Nxf6 $14 13. Nxf6+ Bxf6) 13. Nxf6+ $16 Nxf6 14. Nxc6 Qc7 (14... Bxc6 $16 15. Bxc6 Rc8) 15. d5 $36 {[%mdl 2048] White is in control.} exd5 16. cxd5 {d6 is the strong threat.} Rfe8 (16... Qd6 $142 17. Qb3 Rfe8) 17. Rc1 ({White must play} 17. d6 $18 Qd7 18. Rc1) 17... Qd6 $16 18. Qd2 h6 19. Rfd1 a6 20. h3 Rac8 21. Qd4 Bxc6 (21... Nd7 $142 22. Qc4 g6) 22. dxc6 $4 {[%mdl 8192] [#]} ({Don't do} 22. Qxb6 $6 Nxd5 23. Bxd5 Re1+ 24. Kh2 Rxd1 $18) (22. Rxc6 $18 Rxc6 23. dxc6 Qxd4 24. Rxd4) 22... Re1+ $1 $19 {[%mdl 576] Deflection} 23. Rxe1 Qxd4 24. Red1 (24. Rc2 $142) 24... Qxb2 25. c7 Rxc7 $2 (25... Ne8 $19 26. Re1 Kh7) 26. Rxc7 $11 Qxa2 27. Rb7 b5 {[%cal Bb6b5,Bb5b4][%mdl 32]} 28. Ra7 b4 {aiming for ...b3.} 29. Rd8+ $1 Kh7 30. Rb8 b3 {And now ...a5 would win.} 31. Rab7 Qa1+ ({Better is} 31... Qe2 $15) 32. Kh2 $1 Qe1 33. Rxb3 ({White should play} 33. Rxf7 $11 Qxf2 34. Rxb3) 33... Qxf2 $15 34. Rf3 Qc2 35. Rb7 Qc4 36. Rf4 Qd3 ({Black should try} 36... Qa2 $17) 37. Rxf7 $11 Kg6 $2 {[%mdl 8192] [#] Black is now going downhill.} (37... Kg8 $11 38. Ra7 Qa3) 38. R7xf6+ $1 {[%mdl 512] White mates.} Kg5 (38... gxf6 39. Be4+) 39. h4+ Kh5 40. R4f5+ Qxf5 41. Rxf5+ Kg6 42. Ra5 h5 43. Rxa6+ Kh7 44. Bf3 g6 {[#]} 45. Be4 $1 Kh6 46. Rxg6+ Kh7 47. Kg2 Kh8 48. Kf3 Kh7 49. Kf4 Kh8 50. Ke5 Kh7 51. Kf6 Kh8 52. Kf7 {[%cal Rg6h6]} Kh7 53. Bf5 Kh8 54. Rh6# {Accuracy: White = 50%, Black = 45%.} 1-0

[Event "Stay Safe Play From Home 317"]
[Site "Emanuel Lasker Arena"]
[Date "2020.07.20"]
[Round "8"]
[White "TheCHESSHOUSE"]
[Black "Tran Minh Thang"]
[Result "0-1"]
[WhiteElo "2121"]
[BlackElo "2518"]
[Annotator "TA"]
[PlyCount "106"]
[EventDate "2020.07.20"]
[EventType "swiss (blitz)"]

{[%evp 9,106,12,35,12,19,13,14,16,14,-6,0,-23,-18,-25,0,0,19,0,0,0,0,-7,0,0,40,30,41,33,76,57,100,0,0,-1,48,0,56,26,25,31,571,571,426,337,340,330,374,387,446,439,445,437,401,302,287,122,448,446,529,531,687,345,329,270,281,291,403,408,590,387,562,448,1114,1330,1190,1124,1272,1160,1029,1328,995,1294,1274,1296,1409,1393,1297,1168,1174,1109,2335,2188,1191,1320,10429,5585,29985,12417,5097]} 1. d4 Nf6 2. c4 e6 3. Nc3 Bb4 4. Bd2 Bxc3 5. Bxc3 b6 6. g3 {E20: Nimzo-Indian: 4 g3 and 4 f3.} Bb7 7. Nf3 Bxf3 8. exf3 {[#] The position is equal.} d5 $146 ({Predecessor:} 8... O-O 9. f4 d5 10. Qf3 Ne4 11. Bd3 f5 12. O-O Qf6 13. Qe3 Nc6 14. Rfe1 Rfe8 {½-½ (47) Slipak,S (2411)-Sosa,T (2478) Buenos Aires 2018}) 9. cxd5 Nxd5 10. Bg2 O-O 11. O-O c6 12. Rc1 Nd7 13. f4 N7f6 14. Qe2 a5 15. Rfd1 b5 {[%cal Bb6b5,Bb5b4][%mdl 32]} 16. a3 b4 17. Be1 Qd6 18. Rc5 Rfb8 19. Rdc1 Rb6 20. axb4 (20. Qc2 $16) 20... axb4 $11 21. h4 Nd7 22. R5c2 b3 (22... N7f6 $11) 23. Rc4 (23. Rc5 $5) 23... Ra2 24. f5 exf5 $2 {[%mdl 8192] [#] Black is on the road to losing.} ({Black should try} 24... h5 $14) 25. Qe8+ $18 Nf8 26. Rxc6 Rxc6 27. Rxc6 ({Not} 27. Qxc6 Qxc6 28. Rxc6 Nf6 $16) 27... Qe7 28. Qxe7 {[%mdl 64] [#] Overworked Piece} Nxe7 29. Rc7 Neg6 30. Bc3 h5 31. Rc8 Kh7 32. Bd5 (32. Rc5 $18 {is more deadly.}) 32... Ne6 $2 {[%mdl 8192]} (32... Ne7 $16 {is more resistant.} 33. Rd8 Ne6) 33. Bxb3 Ra1+ 34. Kg2 f4 35. Bxe6 fxe6 {[%mdl 4096] Endgame KRB-KRN} 36. Re8 Rd1 37. Rxe6 fxg3 38. fxg3 Rd3 (38... Nh8 $142 39. Re5 Kh6) 39. Re2 Rd1 (39... Kg8 $142 40. Kf2 Rd1) 40. Kf2 Rb1 (40... Ra1 $142 41. d5 Ra8) 41. Re1 Rxe1 42. Kxe1 {KB-KN} Ne7 43. Kf2 Kg6 44. Kf3 Kf5 45. Bd2 Nd5 46. Bf4 g6 47. b3 Ke6 48. Be5 Kf5 49. Ke2 Nb4 50. Kd2 Nd5 51. Kd3 Kg4 52. Kc4 Kf5 53. Kc5 (53. Kxd5 $142 Kg4 54. b4 Kf3 55. b5 Kg4 56. Ke6 Kf3 57. b6 Ke4 58. d5) 53... Ne7 {[%mdl 32768] Accuracy: White = 73%, Black = 37%. . Loss on time!?} 0-1

[Event "Stay Safe Play From Home 317"]
[Site "Emanuel Lasker Arena"]
[Date "2020.07.20"]
[Round "8"]
[White "Haxhi Baha"]
[Black "SoulofWolf"]
[Result "1-0"]
[WhiteElo "2042"]
[BlackElo "2146"]
[Annotator "TA"]
[PlyCount "55"]
[EventDate "2020.07.20"]
[EventType "swiss (blitz)"]

{[%evp 11,55,8,66,4,50,24,50,10,19,-14,-12,-18,45,49,64,28,36,36,41,36,62,-14,-29,-215,-129,-128,-137,-269,-286,-474,-51,-42,-46,-47,429,419,632,428,29986,29987,29989,29990,29991,29992,29999,29996]} 1. e4 c5 2. Nf3 Nc6 3. d4 cxd4 4. Nxd4 e6 5. Nc3 a6 6. Be3 Bb4 (6... Nf6 $11) 7. f4 {B46: Sicilian: Taimanov: 5 Nc3 a6.} ({White should try} 7. Nxc6 $14 bxc6 8. Qd4) 7... Nge7 8. Bd3 {[#]} O-O $146 ({Predecessor:} 8... d5 9. e5 Nxd4 10. Bxd4 Nc6 11. a3 Ba5 12. Be2 Nxd4 13. Qxd4 O-O 14. O-O-O Bd7 {0-1 (27) Dallmeier,G (1852)-Mircoli,F (1674) Bad Woerishofen 2014}) 9. Qf3 {White is slightly better.} d5 10. e5 Nxd4 11. Bxd4 Nf5 (11... Nc6 $11 12. Bf2 g6) 12. Bxf5 $14 exf5 13. O-O-O Be6 14. h3 Rc8 15. g4 Qa5 16. gxf5 (16. Kb1 $14) 16... Bxf5 $11 {Threatens to win with ...Bxc3.} 17. e6 $2 (17. Qh5 $11 g6 18. Rhg1) 17... Bxc3 ({Worse is} 17... Bxe6 18. Rhg1 $1 $16 {[%mdl 512]}) 18. Bxc3 Qxa2 {...Qa1+ is the strong threat.} 19. e7 (19. exf7+ $17 {was necessary.} Rxf7 20. Rxd5) 19... Rfe8 $19 {Strongly threatening ...Qa1+.} 20. Rhg1 $2 (20. Rhe1 Qa1+ 21. Kd2) 20... g6 $2 (20... d4 $1 $19 {[%cal Rd4c3]} 21. Qg2 g6 22. Rxd4 Rxe7) 21. Qxd5 $15 Qxd5 22. Rxd5 Bxh3 $2 {[%mdl 8192] [#]} (22... Be4 $15 {keeps the upper hand.} 23. Rd7 Bc6) 23. Bf6 $1 $18 Be6 (23... h6 $142 24. Rd8 Bf5 25. Rxc8 Rxc8) 24. Rd8 h5 (24... Rcxd8 $18 25. exd8=R Rxd8 26. Bxd8 Kg7) 25. Rgd1 {White mates.} Kh7 26. Rxc8 Rxc8 27. Rd8 Rc6 28. e8=Q {Accuracy: White = 32%, Black = 29%.} 1-0

[Event "Stay Safe Play From Home 317"]
[Site "Emanuel Lasker Arena"]
[Date "2020.07.20"]
[Round "8"]
[White "Buzaglo"]
[Black "Bardellosport"]
[Result "1-0"]
[WhiteElo "1878"]
[BlackElo "2014"]
[Annotator "TA"]
[PlyCount "57"]
[EventDate "2020.07.20"]
[EventType "swiss (blitz)"]

{[%evp 15,57,9,18,-10,10,-27,-18,-95,-95,-94,-90,-92,-91,-91,-90,-137,-77,-102,-88,-191,-153,-204,-150,-150,-160,-180,-168,-154,-27,-112,-41,-119,-28,-288,34,0,58,58,58,58,1284,1220,1039,1021]} 1. d4 f5 2. Nf3 Nf6 3. g3 g6 4. Bg2 Bg7 5. O-O O-O 6. c4 d6 7. d5 Nbd7 8. Nc3 Nc5 9. b4 {[#] A87: Dutch Defence: Leningrad System: 5 Nf3.} Nce4 $146 ({Predecessor:} 9... Nfe4 10. Nxe4 Bxa1 11. Nxc5 dxc5 12. Be3 Bg7 13. Bxc5 Re8 14. Bd4 e5 15. dxe6 Bxe6 16. Qa1 Qe7 17. Bxg7 Qxg7 18. Qxg7+ Kxg7 {1-0 (24) Gates,C (1744)-Cote,P (1753) Montreal 2010}) 10. Nxe4 Nxe4 11. Rb1 (11. Nd4 $11) 11... Nc3 $17 {[%mdl 64] [#] Double Attack} 12. Qc2 Nxb1 13. Qxb1 e5 14. dxe6 Bxe6 15. c5 d5 (15... Bc4 $142 16. Re1 c6) 16. Bb2 c6 17. Ne5 (17. Bxg7 $17 Kxg7 18. b5) 17... Qe7 18. b5 (18. Nd3 $17 {was worth a try.}) 18... Rac8 19. bxc6 bxc6 20. Bd4 Bxe5 21. Bxe5 f4 ({Better is} 21... Qxc5 $17 {aiming for ...d4.} 22. Rd1 Qc4) 22. gxf4 (22. Bd6 $11 Qf6 23. Bxf8 Rxf8 24. Qa1) 22... Bf5 (22... Qxc5 $17 23. Rc1 Qa3) 23. Qb2 (23. Qb4 $15) 23... Qe6 (23... Qxc5 $17 24. e3 Rf7) 24. Rb1 $2 {[%mdl 8192]} (24. f3 $11 {and White has nothing to worry.}) 24... d4 $2 (24... Bxb1 $19 25. Qxb1 {[#]} g5 $1 {[%mdl 512]}) 25. Rd1 ({Much worse is} 25. Qb7 Rf7 $11) 25... Rfd8 (25... d3 $1 $11) 26. Rxd4 $40 {[%mdl 128] Black needs to defend precisely.} Rxd4 27. Qxd4 {Black must now prevent e4.} Rc7 $2 {[%mdl 8192]} (27... Qe7 $14) 28. Qd8+ $18 {[%mdl 64] Double Attack} Kf7 29. Qxc7+ {[%mdl 64] Double Attack. Accuracy: White = 23%, Black = 33%.} 1-0

[Event "Stay Safe Play From Home 317"]
[Site "Emanuel Lasker Arena"]
[Date "2020.07.20"]
[Round "8"]
[White "NeatFox"]
[Black "Little champs"]
[Result "0-1"]
[WhiteElo "1819"]
[BlackElo "2296"]
[Annotator "TA"]
[PlyCount "78"]
[EventDate "2020.07.20"]
[EventType "swiss (blitz)"]

{[%evp 9,77,-45,-33,-31,-40,-38,-13,-45,-36,-41,-28,-33,-18,-34,-33,-45,-45,-68,-60,-92,-108,-116,-102,-173,-162,-370,-395,-387,-391,-368,-272,-260,-231,-739,-725,-1499,-1497,-1496,-1491,-1510,-1485,-1531,-1454,-1978,-1379,-1600,-1482,-1512,-1486,-2302,-2213,-3651,-3451,-29990,-29991,-29995,-29994,-29997,-29995,-29997,-29995,-29997,-29996,-29996,-29997,-29997,-29998,-29998,-29999,-29999]} 1. g4 d6 2. Bg2 c6 3. c4 e5 {[#]} 4. Qb3 $146 ({Predecessor:} 4. e3 h5 5. gxh5 Qh4 6. d4 exd4 7. Qxd4 Qxd4 8. exd4 Rxh5 9. Nc3 Nf6 10. Nge2 {1-0 (61) Vachier Lagrave,M (2795)-Xiong,J (2652) chess.com INT 2017}) 4... Nf6 5. g5 Nfd7 6. h4 {A00: Irregular Openings.} Nc5 7. Qd1 Be7 8. d3 {The position is equal.} O-O 9. Nf3 f5 10. Nc3 Be6 11. b4 Ncd7 12. a3 Na6 13. Bb2 Nc7 14. Qb3 {White is on the road to losing.} a5 15. bxa5 Rxa5 16. Qb4 ({Not} 16. Qxb7 $2 Nc5 $19) (16. Qc2 $17 {was called for.}) 16... Na6 17. Qxb7 $2 (17. Qb3) 17... Ndc5 $19 18. Qxc6 ({Much worse is} 18. Qa7 Nb8 $19) 18... Nb8 19. Nxe5 Nxc6 20. Nxc6 Qb6 21. Nxa5 $2 (21. Rb1 Qc7 22. Nb5) 21... Qxb2 {[%mdl 64] [#] Double Attack} 22. Rb1 Qxc3+ {[%mdl 64] Double Attack} 23. Kf1 Qxa5 24. Kg1 Qxa3 25. Kh2 Qa7 26. Rhc1 Qd7 27. Rb5 f4 28. Rcb1 {[#]} f3 $1 29. Kg1 (29. exf3 Nxd3) 29... fxg2 30. Rb6 d5 31. R6b5 dxc4 {Black mates.} 32. dxc4 Bxc4 33. Rb7 Nxb7 34. Rc1 Bxe2 35. Kxg2 Qd5+ 36. f3 Qxf3+ 37. Kh2 Bd6+ 38. Kg1 Qf2+ 39. Kh1 Bf3# {Accuracy: White = 46%, Black = 86%.} 0-1

[Event "Stay Safe Play From Home 317"]
[Site "Emanuel Lasker Arena"]
[Date "2020.07.20"]
[Round "8"]
[White "Edmatuag"]
[Black "Trotsky"]
[Result "0-1"]
[WhiteElo "1622"]
[BlackElo "1633"]
[Annotator "NA RC"]
[PlyCount "78"]
[EventDate "2020.07.20"]
[EventType "swiss (blitz)"]

1. e4 {[%emt 0:00:02]} c5 {[%emt 0:00:01]} 2. Nf3 {[%emt 0:00:01]} e6 {[%emt 0:00:00]} 3. h3 {[%emt 0:00:01]} d5 {[%emt 0:00:00]} 4. d3 {[%emt 0:00:01]} Nc6 {[%emt 0:00:01]} 5. Nc3 {[%emt 0:00:02]} a6 {[%emt 0:00:01]} 6. g4 {[%emt 0:00:01]} d4 {[%emt 0:00:01]} 7. Ne2 {[%emt 0:00:01]} Bd6 {[%emt 0:00:01]} 8. Bg2 {[%emt 0:00:01]} Qc7 {[%emt 0:00:01]} 9. O-O {[%emt 0:00:01]} Nf6 {[%emt 0:00:01]} 10. Bg5 {[%emt 0:00:01]} h5 {[%emt 0:00:01]} 11. gxh5 {[%emt 0:00:02]} Rxh5 {[%emt 0:00:06]} 12. Qd2 {[%emt 0:00:04]} Ng4 {[%emt 0:00:03]} 13. Bf4 {[%emt 0:00:04]} Bd7 {[%emt 0:00:02]} 14. hxg4 {[%emt 0:00:04]} Rh8 {[%emt 0:00:04]} 15. Bxd6 {[%emt 0:00:01]} Qxd6 {[%emt 0:00:01]} 16. Qf4 {[%emt 0:00:00]} e5 {[%emt 0:00:01]} 17. Qg3 {[%emt 0:00:05]} O-O-O {[%emt 0:00:01]} 18. Nh4 {[%emt 0:00:05]} g5 {[%emt 0:00:01]} 19. Nf5 {[%emt 0:00:01]} Bxf5 {[%emt 0:00:06]} 20. exf5 {[%emt 0:00:01]} Qf6 {[%emt 0:00:03]} 21. Bxc6 {[%emt 0:00:01]} bxc6 {[%emt 0:00:01]} 22. f3 {[%emt 0:00:01]} Rh4 {[%emt 0:00:01]} 23. Kf2 {[%emt 0:00:01]} Rdh8 {[%emt 0:00:01]} 24. Ke1 {[%emt 0:00:08]} c4 {[%emt 0:00:03]} 25. Ng1 {[%emt 0:00:02]} cxd3 {[%emt 0:00:02]} 26. cxd3 {[%emt 0:00:01]} Qd6 {[%emt 0:00:02]} 27. Qf2 {[%emt 0:00:01]} Qb4+ {[%emt 0:00:01]} 28. Qd2 {[%emt 0:00:01]} Qxd2+ {[%emt 0:00:01]} 29. Kxd2 {[%emt 0:00:01]} Rh2+ {[%emt 0:00:01]} 30. Ke1 {[%emt 0:00:00]} Rxb2 {[%emt 0:00:02]} 31. Rf2 {[%emt 0:00:01]} Rh2 {[%emt 0:00:01]} 32. Rxb2 {[%emt 0:00:01]} Rxb2 {[%emt 0:00:01]} 33. Ne2 {[%emt 0:00:00]} Rb4 {[%emt 0:00:01]} 34. Kd1 {[%emt 0:00:00]} c5 {[%emt 0:00:00]} 35. Nc1 {[%emt 0:00:00]} Kc7 {[%emt 0:00:00]} 36. Nb3 {[%emt 0:00:01]} a5 {[%emt 0:00:00]} 37. Rc1 {[%emt 0:00:01]} Kc6 {[%emt 0:00:01]} 38. Rxc5+ {[%emt 0:00:00]} Kb6 {[%emt 0:00:02]} 39. Rxa5 {[%emt 0:00:00]} Rxb3 {[%emt 0:00:01] Time (Lag: Av=0.54s, max=0.8s) .} 0-1

[Event "Stay Safe Play From Home 317"]
[Site "Emanuel Lasker Arena"]
[Date "2020.07.20"]
[Round "8"]
[White "Klasman"]
[Black "Declan 1234"]
[Result "1-0"]
[WhiteElo "1374"]
[BlackElo "1283"]
[Annotator "NA RC"]
[PlyCount "41"]
[EventDate "2020.07.20"]
[EventType "swiss (blitz)"]

1. f4 {[%emt 0:00:08]} d6 {[%emt 0:00:01]} 2. e4 {[%emt 0:00:01]} Nf6 {[%emt 0:00:01]} 3. Nc3 {[%emt 0:00:02]} e5 {[%emt 0:00:02]} 4. Nf3 {[%emt 0:00:03]} exf4 {[%emt 0:00:02]} 5. d4 {[%emt 0:00:01]} g6 {[%emt 0:00:02]} 6. Bxf4 {[%emt 0:00:01]} Bg7 {[%emt 0:00:01]} 7. Bg5 {[%emt 0:00:01]} O-O {[%emt 0:00:01]} 8. e5 {[%emt 0:00:01]} dxe5 {[%emt 0:00:03]} 9. dxe5 {[%emt 0:00:05]} Qxd1+ {[%emt 0:00:02]} 10. Rxd1 {[%emt 0:00:01]} Nfd7 {[%emt 0:00:08]} 11. Bf4 {[%emt 0:00:02]} Nc6 {[%emt 0:00:05]} 12. Bb5 {[%emt 0:00:06]} a6 {[%emt 0:00:05]} 13. Bxc6 {[%emt 0:00:02]} bxc6 {[%emt 0:00:01]} 14. O-O {[%emt 0:00:01]} Rb8 {[%emt 0:00:06]} 15. b3 {[%emt 0:00:03]} Nc5 {[%emt 0:00:09]} 16. Rfe1 {[%emt 0:00:02]} Ne6 {[%emt 0:00:02]} 17. Bg3 {[%emt 0:00:03]} Bb7 {[%emt 0:00:03]} 18. Nd4 {[%emt 0:00:01]} Rbd8 {[%emt 0:00:03]} 19. Nxe6 {[%emt 0:00:01]} Rxd1 {[%emt 0:00:03]} 20. Rxd1 {[%emt 0:00:03]} fxe6 {[%emt 0:00:00]} 21. Rd7 {[%emt 0:00:03] Zeit (Lag: Av=0.76s, max=1.1s)} 1-0

[Event "Stay Safe Play From Home 317"]
[Site "Emanuel Lasker Arena"]
[Date "2020.07.20"]
[Round "9"]
[White "Tran Minh Thang"]
[Black "Haxhi Baha"]
[Result "1-0"]
[WhiteElo "2521"]
[BlackElo "2064"]
[Annotator "TA"]
[PlyCount "67"]
[EventDate "2020.07.20"]
[EventType "swiss (blitz)"]

{[%evp 9,66,1,33,25,13,0,38,35,25,5,49,30,44,33,35,35,55,20,58,56,87,76,104,46,67,25,117,121,121,118,125,133,197,191,187,183,160,152,575,564,520,214,29994,29995,29995,971,900,916,2238,2229,1867,950,1751,1725,29996,29997,29997,29998,29999]} 1. d4 d5 2. Bf4 e6 3. e3 Bd6 4. Bg3 Qe7 5. Nd2 Bxg3 6. hxg3 {D00: 1 d4 d5: Unusual lines.} (6. fxg3 e5 $15) 6... Nf6 7. Ngf3 c5 8. c3 {White is slightly better.} Nc6 9. Bd3 a6 10. Ne5 Nxe5 11. dxe5 Nd7 12. f4 $36 {[%mdl 2048] [#] White has the initiative.} ({Of course not} 12. Rxh7 Rxh7 13. Bxh7 g6 $15) 12... h6 $146 ({Predecessor:} 12... b6 13. Nf3 Bb7 14. Qe2 h6 15. O-O g6 16. e4 c4 17. Bc2 Nc5 18. exd5 Bxd5 {½-½ (59) Khegay,D (2528)-Schitco,I (2467) chess.com INT 2020}) 13. Nf3 c4 14. Bc2 Nc5 15. Nd4 b5 16. a3 (16. Kf2 $16) 16... Bb7 17. g4 Ne4 (17... O-O-O $11) 18. Bxe4 $16 dxe4 {[#]} 19. g5 $1 {[%mdl 512]} O-O-O (19... hxg5 20. Rxh8+) 20. gxh6 Rxh6 (20... gxh6 $16 {might work better.} 21. a4 b4) 21. Rxh6 $18 gxh6 22. Qh5 Rg8 23. g4 ({Don't do} 23. Qxh6 $6 Rxg2 24. O-O-O Kc7 $14) 23... f6 $2 {This move loses the game for Black.} (23... Kb8 $16 {is more resistant.} 24. O-O-O (24. Qxh6 Rxg4 25. O-O-O Ka7 $14) 24... Qf8) 24. exf6 Qxf6 25. O-O-O (25. Qc5+ $142 Kb8 26. O-O-O) 25... Qg6 $2 (25... Bd5 $18 26. Nc2 Qg7) 26. Qc5+ Kb8 27. Qd6+ (27. Nc6+ $142 Bxc6 28. Qb6+ {[%mdl 64] Double Attack} Kc8 29. Qxc6+ Kb8 30. Rd7 Qxg4 31. Qb7#) 27... Ka8 28. Nxe6 Qxg4 29. Nc7+ {[%mdl 64] [#] Discovered Attack} Ka7 30. Qc5+ Kb8 31. Qb6 {[%mdl 64] Double Attack} Rg6 32. Nxa6+ {White mates.} Ka8 33. Rd8+ Bc8 34. Nc7# {Accuracy: White = 68%, Black = 40%.} 1-0

[Event "Stay Safe Play From Home 317"]
[Site "Emanuel Lasker Arena"]
[Date "2020.07.20"]
[Round "9"]
[White "NTBT_DHS"]
[Black "TheCHESSHOUSE"]
[Result "1-0"]
[WhiteElo "2494"]
[BlackElo "2118"]
[Annotator "TA"]
[PlyCount "69"]
[EventDate "2020.07.20"]
[EventType "swiss (blitz)"]

{[%evp 14,69,38,15,45,13,26,-16,19,14,40,-2,35,15,35,17,27,-28,17,-109,-77,-150,-110,-147,-102,-95,-105,-186,-167,-218,-149,-198,91,49,65,64,318,262,255,52,244,226,233,233,293,208,214,65,216,165,332,305,308,-618,956,950,882,835]} 1. d4 Nf6 2. c4 g6 3. Nf3 Bg7 4. g3 d6 5. Bg2 O-O 6. O-O Nc6 7. Nc3 Bd7 8. d5 Na5 {[%cal Bc6a5,Ba5b7,Bb7c5,Bc5e4][%mdl 32] E62: King's Indian: Fianchetto: 6...c6 and Panno Variation (6...Nc6) without ...a6.} 9. Nd2 c5 10. dxc6 {[#]} bxc6 $146 {The position is equal.} ({Predecessor:} 10... Nxc6 11. Nb3 Qc8 12. c5 dxc5 13. Nxc5 Bh3 14. Bg5 Bxg2 15. Kxg2 Rd8 16. Qa4 Rd4 {0-1 (30) Misojcic,M (2253)-Arsovic,G (2449) Kragujevac 2013}) 11. b4 Ne8 12. Bb2 Nb7 13. Qb3 e5 14. Rad1 Qc7 15. f4 (15. Rc1 $142) 15... Rb8 16. f5 (16. fxe5 $11 {remains equal.} Bxe5 17. Qa3) 16... gxf5 17. e4 (17. Bh3 $142) 17... Nc5 {[%mdl 64] Pin} 18. Qa3 Nxe4 19. Ndxe4 fxe4 20. Bxe4 (20. Nxe4 $17 Bg4 21. Rd2) 20... f5 $19 21. Bg2 (21. Bc2 $142) 21... e4 22. b5 c5 $2 ({Don't play} 22... cxb5 23. Nd5 $15) (22... Be6 $1 $19 23. Rf2 Bxc4) 23. Nd5 $16 Qd8 $1 24. Bxg7 Kxg7 $4 {[%mdl 8192]} (24... Nxg7 $14 25. Qxa7 Rf7) 25. Qc3+ ({Weaker is} 25. Qxa7 Kg8 $16) 25... Nf6 {[#]} 26. Nf4 $2 ({White should play} 26. Bxe4 $1 $18 {[%mdl 512]} Kg8 (26... fxe4 27. Nxf6) 27. Bxf5 Nxd5 28. Rxd5 Rxf5 29. Rfxf5 Bxf5 30. Rxf5) 26... Kg8 $2 ({Black should try} 26... Qe7 $14) 27. Rxd6 $18 Qe7 28. Rfd1 Be8 29. Qe3 Ng4 30. Qc1 (30. Qxc5 $18 {Strongly threatening Rg6+!} Rd8 31. R1d5 Rxd6 32. Rxd6) 30... e3 $2 (30... Bf7 $1 $14) 31. Bd5+ Kh8 $2 (31... Bf7 {was necessary.}) 32. Re6 Qg7 33. Nh5 $4 {[%mdl 8192]} (33. a4 $18) 33... Qg5 $4 {[%mdl 8192]} (33... Bxh5 $19 34. Qa1 {[#]} Ne5 $1 {[%mdl 512]} 35. Qxe5 Bxd1 36. Qxg7+ Kxg7 37. Rxe3 Rbe8) 34. Qc3+ Nf6 35. Nxf6 {Accuracy: White = 28%, Black = 31%.} 1-0